Provinces of Morocco - Statistics

General Stats
  • This quiz has been taken 281 times
  • The average score is 33 of 75
Answers on the Map
Answers color-coded by a green-red scale on the quiz's map according to % correct below.
 
Answer Stats
Region Province % Correct
Tanger-Tétouan-Al Hoceïma Tanger - Assilah
93%
Grand Casablanca-Settat Casablanca
88%
Rabat-Salé-Kénitra Rabat
88%
Marrakech-Safi Marrakech
86%
Fès-Meknès Fès
84%
Souss-Massa Agadir - Ida - Outanane
81%
Fès-Meknès Meknès
72%
Rabat-Salé-Kénitra Kénitra
68%
Laâyoune-Sakia El Hamra Laâyoune
67%
Oriental Oujda - Angad
67%
Tanger-Tétouan-Al Hoceïma Tétouan
66%
Rabat-Salé-Kénitra Salé
65%
Marrakech-Safi Safi
62%
Béni Mellal-Khénifra Béni Mellal
58%
Guelmim-Oued Noun Guelmim
58%
Oriental Nador
58%
Tanger-Tétouan-Al Hoceïma Al Hoceïma
57%
Grand Casablanca-Settat Settat
55%
Béni Mellal-Khénifra Khénifra
52%
Drâa-Tafilalet Ouarzazate
51%
Marrakech-Safi Essaouira
50%
Grand Casablanca-Settat Mohammédia
50%
Oriental Berkane
49%
Tanger-Tétouan-Al Hoceïma Chefchaouen
49%
Béni Mellal-Khénifra Khouribga
49%
Tanger-Tétouan-Al Hoceïma Larache
46%
Guelmim-Oued Noun Tan-Tan
46%
Fès-Meknès Ifrane
45%
Fès-Meknès Taza
44%
Tanger-Tétouan-Al Hoceïma M'Diq - Fnideq
43%
Grand Casablanca-Settat El Jadida
42%
Drâa-Tafilalet Errachidia
42%
Rabat-Salé-Kénitra Sidi Slimane
40%
Souss-Massa Taroudant
40%
Fès-Meknès Séfrou
38%
Oriental Guercif
37%
Souss-Massa Tata
37%
Béni Mellal-Khénifra Azilal
36%
Guelmim-Oued Noun Sidi Ifni
36%
Rabat-Salé-Kénitra Sidi Kacem
36%
Rabat-Salé-Kénitra Skhirate - Témara
36%
Grand Casablanca-Settat Benslimane
35%
Marrakech-Safi Chichaoua
35%
Marrakech-Safi El Kelaâ des Sraghna
35%
Oriental Figuig
35%
Souss-Massa Tiznit
35%
Laâyoune-Sakia El Hamra Boujdour
34%
Oriental Driouch
34%
Dakhla-Oued Ed Dahab Oued Ed Dahab
34%
Drâa-Tafilalet Zagora
34%
Dakhla-Oued Ed Dahab Aousserd
33%
Grand Casablanca-Settat Berrechid
33%
Tanger-Tétouan-Al Hoceïma Fahs - Anjra
33%
Laâyoune-Sakia El Hamra Tarfaya
33%
Fès-Meknès El Hajeb
32%
Béni Mellal-Khénifra Fquih Ben Salah
32%
Souss-Massa Inezgane - Aït Melloul
32%
Rabat-Salé-Kénitra Khémisset
32%
Grand Casablanca-Settat Médiouna
32%
Tanger-Tétouan-Al Hoceïma Ouezzane
32%
Oriental Taourirt
32%
Marrakech-Safi Youssoufia
32%
Fès-Meknès Boulemane
31%
Fès-Meknès Moulay Yaâcoub
31%
Grand Casablanca-Settat Sidi Bennour
31%
Drâa-Tafilalet Tinghir
31%
Guelmim-Oued Noun Assa-Zag
30%
Oriental Jerada
30%
Drâa-Tafilalet Midelt
30%
Marrakech-Safi Rehamna
30%
Fès-Meknès Taounate
30%
Marrakech-Safi Al Haouz
29%
Laâyoune-Sakia El Hamra Es Semara
29%
Grand Casablanca-Settat Nouaceur
29%
Souss-Massa Chtouka - Aït Baha
27%
No matching quizzes found
Score Distribution
Percent of People with Each Score
Percentile by Number Answered
Your Score History
You have not taken this quiz